Statistics for Top 100 Biggest Cities in North Dakota

Click here to take the quiz!

General Stats

  • This quiz has been taken 527 times
    (382 since last reset)
  • The average score is 30 of 100

Answer Stats

#CityPopulation% Correct
2Bismarck73,529
97%
1Fargo124,662
97%
3Grand Forks55,839
84%
4Minot47,382
80%
5West Fargo37,058
74%
7Dickinson23,133
67%
6Williston29,033
67%
9Jamestown15,084
62%
8Mandan22,752
54%
12Devils Lake7,320
53%
11Wahpeton7,734
51%
13Valley City6,323
47%
10Watford City7,835
44%
20Rugby2,590
42%
23Bottineau2,154
38%
14Grafton4,157
38%
92Pembina544
38%
15Lincoln3,817
36%
50Beach1,043
34%
30Hillsboro1,624
33%
16Beulah3,139
32%
31Bowman1,599
32%
25Carrington1,980
32%
21Casselton2,475
32%
19New Town2,592
32%
18Stanley2,677
31%
T43Cavalier1,238
30%
26Mayville1,802
30%
17Horace2,944
29%
76Steele711
29%
22Hazen2,311
28%
47Hettinger1,155
28%
27Langdon1,752
28%
55Linton978
28%
24Lisbon2,051
28%
49Cando1,057
27%
39Crosby1,285
27%
54New Salem989
27%
40Washburn1,264
27%
79Ashley661
26%
42Ellendale1,246
26%
63LaMoure883
26%
28Oakes1,701
26%
46Velva1,190
26%
53Belfield1,021
25%
48Killdeer1,144
25%
T34Tioga1,339
25%
29Harvey1,646
24%
66Kindred781
24%
72Mott724
24%
68Napoleon752
24%
41Rolla1,252
24%
67Dunseith764
23%
32Garrison1,462
23%
62Hankinson885
23%
81Lakota625
23%
36Park River1,338
23%
59Ray901
23%
71Underwood735
23%
45Burlington1,201
22%
58Cooperstown903
22%
74Glen Ullin717
22%
T43Mapleton1,238
22%
87Minto592
22%
T34New Rockford1,339
22%
89Richardton561
22%
33Surrey1,393
22%
93Towner526
22%
90Edgeley556
21%
65Harwood829
21%
78Hebron675
21%
37Larimore1,288
21%
73Mohall723
21%
86Rolette593
21%
T51Thompson1,021
21%
61Wishek891
21%
88Center578
20%
69Drayton747
20%
83Elgin603
20%
99Fessenden433
20%
94Forman504
20%
T51Kenmare1,021
20%
75Wilton716
20%
56Gwinner937
19%
84New England600
19%
60Northwood895
19%
91Turtle Lake554
19%
64Enderlin838
18%
38Parshall1,288
18%
57Walhalla907
18%
95Berthold481
17%
77Reile's Acres700
17%
80Milnor634
16%
96Argusville468
15%
97Leeds460
15%
82Lidgerwood616
15%
85Portland595
15%
98Emerado449
14%
100Glenburn430
14%
70Hatton743
14%

Score Distribution

Percentile by Number Answered

Percent of People with Each Score

Your Score History

You have not taken this quiz since the last reset